000 00656nam a2200229Ia 4500
003 OSt
005 20220926043526.0
006 a|||||r|||| 00| 0
007 ta
008 220923b |||||||| |||| 00| 0 eng d
037 _cGeneral Book
040 _aRTL
_cRTL
_beng
041 _2eng
_aeng
082 _aT.2.N24<--N22, GD
110 _aIndia, High Commissioner (Office of-)
_9347854
245 0 _aReport on the Indian students department, 1922-24
300 _a59p.
_ccm.
650 _aEducation
700 _aIndia, High Commissioner (Office of-)
_9347855
942 _hT.2.N24<--N22, GD
_cGB
_2CC
999 _c672471
_d672471